|
|
|
|
| LEADER |
00000cam a2200000 i 4500 |
| 001 |
1/76357 |
| 008 |
050517s2003 gr | || |||| ||gre|| |
| 020 |
|
|
|a 9609236022
|
| 035 |
|
|
|l 10077959
|
| 040 |
|
|
|a GR-MyUa
|b gre
|e AACR2
|
| 041 |
0 |
|
|a gre
|
| 082 |
7 |
|
|a 938.3
|2 (21)
|
| 100 |
1 |
|
|a Ηλιάδη, Αμαλία Κ.,
|d 1967-
|
| 245 |
1 |
0 |
|a Εγκατάσταση και παρουσία Σλάβων στη βυζαντινή Μ. Ασία απ' τον 7ο ως τον 10ο αιώνα /
|c Αμαλία Κ. Ηλιάδη.
|
| 260 |
|
|
|a Τρίκαλα :
|b [χ. ό.],
|c 2003.
|
| 300 |
|
|
|a 147 σ. ;
|c 21 εκ.
|
| 504 |
|
|
|a Περιλαμβάνει βιβλιογραφίες.
|
| 650 |
|
0 |
|a Slavs
|z Byzantine Empire.
|
| 651 |
|
0 |
|a Byzantine Empire
|x Population.
|
| 852 |
|
|
|a INST
|b CHIOS
|e 20050805
|h 938.3 ΗΛΙ
|p 005200024886
|q 005200024886
|t BK
|y 0
|
| 852 |
|
|
|a INST
|b RHODES
|e 20050517
|h 938.3 ΗΛΙ
|p 005400023506
|q 005400023506
|t BK
|y 0
|
| 852 |
|
|
|a INST
|b SYROS
|e 20050922
|h 938.3 ΗΛΙ
|p 005500005274
|q 005500005274
|t BK
|y 0
|
| 901 |
|
|
|a BIBL5-2007-3
|
| 901 |
|
|
|a BIBL4-2005-2
|
| 901 |
|
|
|a BIBL2-2005-2
|
| 970 |
|
|
|a Σιδέρη
|b Νεκταρία
|z 17/05/2005
|